[Event "Mittelfr. EM 2018 - Hauptturnier"]
[Site "Nürnberg"]
[Date "2018.03.29"]
[Round "5.9"]
[White "Braun, Kristin"]
[Black "Kocak, Ediz"]
[Result "0-1"]
[WhiteElo "1844"]
[BlackElo "1807"]
[PlyCount "142"]
[EventDate "2018.??.??"]
[WhiteTeam "SC Forchheim"]
[BlackTeam "SGem Fürth"]

1. e4 d5 2. exd5 Qxd5 3. Nc3 Qa5 4. Nf3 Nf6 5. d4 Bg4 6. Bb5+ c6 7. Bc4 Nbd7 8.
O-O e6 9. h3 Bh5 10. Re1 Be7 11. Bf4 Qf5 12. Bg3 Bxf3 13. Qxf3 Qxf3 14. gxf3
O-O-O 15. Rad1 Nb6 16. Bb3 h5 17. Ne4 Nfd7 18. Nd6+ Bxd6 19. Bxd6 Nf6 20. Be5
Nfd7 21. Bh2 h4 22. Kh1 Rh5 23. Rg1 Rg8 24. c3 Rf5 25. f4 g6 26. Bc2 Rh5 27.
Rg5 Nf6 28. Rdg1 Rhh8 29. f5 gxf5 30. Be5 Nbd7 31. Rxg8+ Rxg8 32. Rxg8+ Nxg8
33. Bf4 Nf8 34. Bd1 Ng6 35. Bc1 Nf6 36. Kg2 Nd5 37. Kf3 Kd7 38. c4 Nb4 39. Bd2
Na6 40. Kg2 f6 41. Bh5 Ne7 42. f4 c5 43. dxc5 Nxc5 44. Be3 Nd3 45. b3 e5 46.
fxe5 fxe5 47. Be2 Nf4+ 48. Bxf4 exf4 49. Kf3 Ng6 50. c5 Kc6 51. b4 Kd5 52. a3
Ke5 53. Bc4 Ne7 54. Bb5 Nc6 55. Bd3 Nd4+ 56. Kf2 f3 57. Bc4 Nc2 58. Bd3 Nd4 59.
Bc4 Nc2 60. Bd3 Nxa3 61. Kxf3 a6 62. c6 bxc6 63. Bxa6 Nc2 64. Bb7 Nxb4 65. Ba8
c5 66. Ke3 c4 67. Kd2 Kd4 68. Bf3 c3+ 69. Kc1 Kd3 70. Kd1 c2+ 71. Kc1 Na2+ 0-1

[Event "Mittelfr. EM 2018 - Hauptturnier"]
[Site "Nürnberg"]
[Date "2018.03.29"]
[Round "5.10"]
[White "Balhar, Michael"]
[Black "Hetzner, Hannes"]
[Result "1-0"]
[WhiteElo "1791"]
[BlackElo "1753"]
[PlyCount "83"]
[EventDate "2018.??.??"]
[WhiteTeam "SC Erlangen"]
[BlackTeam "SC Erlangen"]

1. e4 e6 2. d4 d5 3. exd5 exd5 4. Bd3 Nc6 5. Ne2 Nb4 6. Bb5+ c6 7. Ba4 Bd6 8.
c3 Na6 9. Bc2 Ne7 10. Bf4 Bf5 11. Nd2 O-O 12. Bxf5 Nxf5 13. Qc2 Bxf4 14. Nxf4
Re8+ 15. Ne2 Qe7 16. Nf3 Nd6 17. Rd1 Nc7 18. Rd3 Nf5 19. Rd2 Nd6 20. Rd3 Nc4
21. b3 Qe4 22. bxc4 dxc4 23. Rd2 Qg4 24. O-O Nd5 25. Ne5 Qg5 26. Nxc4 Rxe2 27.
Rxe2 Nf4 28. f3 b5 29. Nd6 Nxe2+ 30. Qxe2 c5 31. Re1 h5 32. Qxb5 Qd2 33. Re8+
Rxe8 34. Qxe8+ Kh7 35. Qe4+ Kg8 36. dxc5 Qxc3 37. Nc4 Qa1+ 38. Kf2 Qxa2+ 39.
Kg3 Qa4 40. c6 f5 41. Qd5+ Kh8 42. c7 1-0

[Event "Mittelfr. EM 2018 - Hauptturnier"]
[Site "Nürnberg"]
[Date "2018.03.29"]
[Round "6.1"]
[White "Meulner, Klaus"]
[Black "Walter, Florian"]
[Result "0-1"]
[WhiteElo "2103"]
[BlackElo "2203"]
[PlyCount "70"]
[EventDate "2018.??.??"]
[WhiteTeam "SW Nürnberg Süd"]
[BlackTeam "SC Noris-Tarrasch Nürnberg"]

1. Nf3 c5 2. b3 Nc6 3. Bb2 Nf6 4. c4 d5 5. cxd5 Nxd5 6. g3 Bg4 7. Bg2 e6 8. O-O
h5 9. Ne5 Nxe5 10. Bxe5 f6 11. Bb2 h4 12. b4 hxg3 13. hxg3 cxb4 14. Qc2 Kf7 15.
e4 Nb6 16. d4 Rc8 17. Qb3 Nc4 18. a3 bxa3 19. Nxa3 Nd2 20. Qxb7+ Rc7 21. Qa6
Nxf1 22. Qxf1 Bxa3 23. Rxa3 Qb8 24. Bc3 Rhc8 25. Be1 Rc1 26. Re3 Qb1 27. f3 Bh5
28. g4 Bg6 29. f4 Kg8 30. f5 exf5 31. gxf5 Be8 32. e5 R8c3 33. Bd5+ Kf8 34. Re2
Bb5 35. exf6 gxf6 0-1

[Event "Mittelfr. EM 2018 - Hauptturnier"]
[Site "Nürnberg"]
[Date "2018.03.29"]
[Round "6.2"]
[White "Finster, Michael"]
[Black "Seibold, Hubert"]
[Result "1/2-1/2"]
[WhiteElo "2144"]
[BlackElo "2133"]
[PlyCount "84"]
[EventDate "2018.??.??"]
[WhiteTeam "SK Herzogenaurach"]
[BlackTeam "SK Zirndorf"]

1. e4 c5 2. Nf3 Nc6 3. b4 cxb4 4. d4 d5 5. exd5 Qxd5 6. c4 bxc3 7. Nxc3 Qa5 8.
Bd2 e6 9. Bc4 Bb4 10. Qb3 Nf6 11. a3 Bxc3 12. Bxc3 Qd8 13. O-O O-O 14. Ne5 Na5
15. Bxa5 Qxa5 16. Rad1 Qd8 17. Qh3 b6 18. f4 Qd6 19. Kh1 Bb7 20. f5 exf5 21.
Qxf5 Bd5 22. Bd3 Qe6 23. Qf4 Nh5 24. Qh4 g6 25. Rde1 f5 26. Ng4 Qc6 27. Ne5 Qf6
28. Qf2 Qg7 29. Re3 Nf6 30. h3 f4 31. Qxf4 Nh5 32. Qh4 Rxf1+ 33. Bxf1 Rf8 34.
Bc4 Bxc4 35. Nxc4 Qf6 36. Qxf6 Nxf6 37. Re6 Kf7 38. Rc6 Rd8 39. Ne5+ Ke7 40.
Rc7+ Ke6 41. Rxa7 Rxd4 42. Nf3 Rd1+ 1/2-1/2

[Event "Mittelfr. EM 2018 - Hauptturnier"]
[Site "Nürnberg"]
[Date "2018.03.29"]
[Round "6.3"]
[White "Böhme, Markus"]
[Black "Hirn, Erwin"]
[Result "1-0"]
[WhiteElo "2045"]
[BlackElo "2101"]
[PlyCount "105"]
[EventDate "2018.??.??"]
[WhiteTeam "SC Uttenreuth"]
[BlackTeam "SK Neumarkt"]

1. e4 c6 2. d4 d5 3. e5 Bf5 4. Be2 e6 5. Nf3 c5 6. c3 Nc6 7. O-O Qb6 8. dxc5
Bxc5 9. b4 Be7 10. Qa4 Kf8 11. b5 Nb8 12. Be3 Bc5 13. Bxc5+ Qxc5 14. Nbd2 Nd7
15. Rac1 Ne7 16. c4 Qb6 17. Qb4 Qc5 18. Qxc5 Nxc5 19. cxd5 Nd3 20. d6 Nxc1 21.
dxe7+ Kxe7 22. Rxc1 Rac8 23. Rxc8 Rxc8 24. Nc4 f6 25. h3 Bb1 26. a4 Ba2 27.
exf6+ gxf6 28. Nfd2 Rd8 29. f4 Rd4 30. g3 h5 31. Kf2 h4 32. Ke3 e5 33. fxe5
fxe5 34. Nxe5 Rxa4 35. Ng6+ Kf6 36. Nxh4 Ke5 37. Nhf3+ Kf6 38. g4 Be6 39. Nd4
Ra3+ 40. Bd3 Bd5 41. h4 a5 42. bxa6 bxa6 43. g5+ Kf7 44. h5 Kf8 45. h6 Bf7 46.
Nc6 Bg6 47. Ne4 Ra1 48. Ne5 Re1+ 49. Kd4 Be8 50. g6 Rg1 51. Nf6 Bb5 52. Bxb5
axb5 53. Ned7+ 1-0

[Event "Mittelfr. EM 2018 - Hauptturnier"]
[Site "Nürnberg"]
[Date "2018.03.29"]
[Round "6.4"]
[White "Adelhütte, Dennis"]
[Black "Böhme, Sebastian"]
[Result "1-0"]
[WhiteElo "1961"]
[BlackElo "2036"]
[PlyCount "51"]
[EventDate "2018.??.??"]
[WhiteTeam "SC JÄKLECHEMIE"]
[BlackTeam "SC Uttenreuth"]

1. d4 f5 2. Bg5 g6 3. Nc3 Bg7 4. e3 Nf6 5. Bc4 c6 6. h4 d5 7. Be2 Nbd7 8. h5
Ne4 9. Nxe4 fxe4 10. hxg6 hxg6 11. Rxh8+ Bxh8 12. Nh3 Nf8 13. Nf4 Bf6 14. Bh6
Kd7 15. Bg4+ Kc7 16. Bxc8 Kxc8 17. Bxf8 Qxf8 18. Qg4+ Kb8 19. Ne6 Qh8 20. Qg3+
Be5 21. Qxe5+ Qxe5 22. dxe5 Kc8 23. O-O-O Kd7 24. Nc5+ Kc7 25. Rh1 Rf8 26. Ne6+
1-0

[Event "Mittelfr. EM 2018 - Hauptturnier"]
[Site "Nürnberg"]
[Date "2018.03.29"]
[Round "6.5"]
[White "Kocak, Ediz"]
[Black "Bildt, Maximilian"]
[Result "0-1"]
[WhiteElo "1807"]
[BlackElo "2045"]
[PlyCount "72"]
[EventDate "2018.??.??"]
[WhiteTeam "SGem Fürth"]
[BlackTeam "SK Zirndorf"]

1. d4 Nf6 2. Bf4 c5 3. e3 d5 4. c3 Nc6 5. Nd2 Bf5 6. Qb3 Qb6 7. dxc5 Qxb3 8.
axb3 Nh5 9. Bb5 Nxf4 10. exf4 e5 11. fxe5 Bxc5 12. Ngf3 O-O 13. Bxc6 bxc6 14.
b4 Bb6 15. O-O Rab8 16. Nb3 Be4 17. Nfd4 Rfc8 18. Rfd1 h6 19. Rd2 Rc7 20. Nc5
Re8 21. f4 g5 22. Nxe4 dxe4 23. g3 gxf4 24. gxf4 f6 25. Re2 fxe5 26. Rxe4 Rce7
27. Rae1 exd4 28. Rxe7 Rxe7 29. Rxe7 dxc3+ 30. Kf1 c2 31. Re1 Be3 32. Ke2 c1=Q
33. Rxc1 Bxc1 34. Kd3 Bxf4 35. Kc4 Bxh2 36. Kc5 Bg1+ 0-1

[Event "Mittelfr. EM 2018 - Hauptturnier"]
[Site "Nürnberg"]
[Date "2018.03.29"]
[Round "6.6"]
[White "Leis, Stefan"]
[Black "Brenner, Christian"]
[Result "1/2-1/2"]
[WhiteElo "1966"]
[BlackElo "1990"]
[PlyCount "82"]
[EventDate "2018.??.??"]
[WhiteTeam "SC Mühlhof-Reichelsdorf"]
[BlackTeam "Zabo-Eintracht Nürnberg"]

1. Nf3 Nf6 2. g3 g6 3. Bg2 Bg7 4. O-O O-O 5. c4 d6 6. d4 Nbd7 7. Nc3 c6 8. Qc2
e5 9. h3 Re8 10. e4 Qe7 11. Re1 h6 12. Rb1 Nh7 13. Be3 Ng5 14. Nxg5 exd4 15.
Bxd4 Bxd4 16. Nf3 Bg7 17. Rbd1 Ne5 18. Nxe5 Qxe5 19. Qd2 Be6 20. Qxd6 Qxd6 21.
Rxd6 Be5 22. Rd2 Bxc4 23. f4 Bc7 24. Bf3 Rad8 25. Red1 Bb6+ 26. Kg2 Rxd2+ 27.
Rxd2 Rd8 28. Rxd8+ Bxd8 29. b3 Bd3 30. e5 Ba5 31. Ne4 Bb4 32. Nf2 Bb1 33. a4
Kf8 34. Be4 Bxe4+ 35. Nxe4 Ke7 36. Kf3 Ke6 37. Nf6 b5 38. Ke4 bxa4 39. bxa4 h5
40. g4 hxg4 41. hxg4 a5 1/2-1/2

[Event "Mittelfr. EM 2018 - Hauptturnier"]
[Site "Nürnberg"]
[Date "2018.03.29"]
[Round "6.7"]
[White "Erlbeck, Peter"]
[Black "Smyk, Jozef"]
[Result "1-0"]
[WhiteElo "2095"]
[BlackElo "1952"]
[PlyCount "111"]
[EventDate "2018.??.??"]
[WhiteTeam "SW Nürnberg Süd"]
[BlackTeam "SK Neumarkt"]

1. e4 e5 2. Nf3 Nc6 3. Bb5 a6 4. Bxc6 dxc6 5. O-O Bg4 6. h3 h5 7. d3 Qf6 8. Be3
Bxf3 9. Qxf3 Qxf3 10. gxf3 Bd6 11. Nd2 Ne7 12. Rfb1 f5 13. b4 f4 14. Bc5 b6 15.
Bxd6 cxd6 16. Nc4 Nc8 17. Kf1 b5 18. Nd2 Nb6 19. Ke2 Na4 20. Rb3 Rh6 21. Rg1
Kf7 22. c4 Rg6 23. Rc1 c5 24. Rc2 Rb8 25. cxb5 axb5 26. bxc5 Nxc5 27. Rb4 Rg1
28. d4 Ne6 29. Nb3 Rb1 30. d5 Nc5 31. Nxc5 Rxb4 32. Na6 Rb1 33. Nxb8 Rh1 34.
Rc7+ Kg8 35. Nc6 Rxh3 36. Ne7+ Kh8 37. Nf5 Rh1 38. Nxg7 h4 39. Nh5 Kg8 40. Nf6+
Kf8 41. Rh7 h3 42. Ng4 Ra1 43. Rxh3 Rxa2+ 44. Kd3 Ra3+ 45. Kc2 b4 46. Kb2 Rd3
47. Nh6 Ke8 48. Nf5 Kd7 49. Rh7+ Kd8 50. Nxd6 b3 51. Nf7+ Ke7 52. Nxe5+ Kd6 53.
Rh5 Rd2+ 54. Kxb3 Rxf2 55. Kc3 Rf1 56. Kd4 1-0

[Event "Mittelfr. EM 2018 - Hauptturnier"]
[Site "Nürnberg"]
[Date "2018.03.29"]
[Round "6.8"]
[White "Homuth, Wolfgang"]
[Black "Balhar, Michael"]
[Result "1-0"]
[WhiteElo "2198"]
[BlackElo "1791"]
[PlyCount "87"]
[EventDate "2018.??.??"]
[WhiteTeam "SC Noris-Tarrasch Nürnberg"]
[BlackTeam "SC Erlangen"]

1. e4 c5 2. Nc3 Nc6 3. f4 e6 4. Nf3 d5 5. Bb5 Nge7 6. exd5 exd5 7. Qe2 Qd6 8.
Bxc6+ Qxc6 9. Ne5 Qb6 10. Qb5+ Qxb5 11. Nxb5 f6 12. Nd6+ Kd8 13. Nef7+ Kc7 14.
Nxc8 Rxc8 15. Nxh8 Re8 16. O-O Nf5 17. Nf7 Re7 18. Ng5 fxg5 19. fxg5 Rf7 20. g4
Nd6 21. d3 Rxf1+ 22. Kxf1 Nf7 23. Bf4+ Kd7 24. Re1 Be7 25. h4 g6 26. Kg2 Nd8
27. Re5 d4 28. Re1 Nc6 29. a3 b5 30. Bd2 Bd6 31. Re4 Ne5 32. Bf4 Ke6 33. Bxe5
Bxe5 34. Kf3 Kd6 35. Re1 Kd5 36. b3 a5 37. Re2 Ke6 38. Ke4 Bg3 39. h5 Bd6 40.
a4 b4 41. hxg6 hxg6 42. Re1 Be7 43. Kf4+ Kd6 44. Rxe7 1-0

[Event "Mittelfr. EM 2018 - Hauptturnier"]
[Site "Nürnberg"]
[Date "2018.03.29"]
[Round "6.9"]
[White "Link, Andreas"]
[Black "Hetzner, Hannes"]
[Result "1-0"]
[WhiteElo "2028"]
[BlackElo "1753"]
[PlyCount "39"]
[EventDate "2018.??.??"]
[WhiteTeam "Zabo-Eintracht Nürnberg"]
[BlackTeam "SC Erlangen"]

1. c4 Nf6 2. Nc3 c5 3. Nf3 d5 4. cxd5 Nxd5 5. g3 Nc6 6. Bg2 Nc7 7. O-O e5 8. d3
Be7 9. Be3 O-O 10. Rc1 f6 11. a3 b6 12. Nd2 Bb7 13. b4 cxb4 14. axb4 Bxb4 15.
Qb3+ Kh8 16. Bxc6 Bxc6 17. Qxb4 Nd5 18. Nxd5 Qxd5 19. f3 Rab8 20. Qc4 1-0

[Event "Mittelfr. EM 2018 - Hauptturnier"]
[Site "Nürnberg"]
[Date "2018.03.30"]
[Round "7.1"]
[White "Walter, Florian"]
[Black "Böhme, Markus"]
[Result "1-0"]
[WhiteElo "2203"]
[BlackElo "2045"]
[PlyCount "91"]
[EventDate "2018.??.??"]
[WhiteTeam "SC Noris-Tarrasch Nürnberg"]
[BlackTeam "SC Uttenreuth"]

1. c4 e5 2. g3 Nc6 3. Bg2 f5 4. Nc3 Nf6 5. Nf3 Bb4 6. Nd5 Bc5 7. d3 O-O 8. O-O
a5 9. Nxe5 Nxe5 10. d4 Bd6 11. c5 Nf7 12. cxd6 Nxd6 13. Bf4 Nxd5 14. Bxd6 Ne7
15. Bxe7 Qxe7 16. Rc1 d6 17. Bxb7 Bxb7 18. Qb3+ Kh8 19. Qxb7 Rfc8 20. Qf3 g6
21. Rc2 Ra7 22. Rfc1 Kg7 23. Qb3 h5 24. Qd5 h4 25. Kg2 Rh8 26. e3 Kf6 27. Rc6
h3+ 28. Kf1 Kg7 29. R6c4 Re8 30. Ra4 Rea8 31. Rc3 Kf6 32. Rca3 g5 33. Ke2 f4
34. gxf4 gxf4 35. e4 Qh7 36. Rf3 Rb8 37. Rxf4+ Ke7 38. b3 Rf8 39. Qg5+ Ke8 40.
Rxf8+ Kxf8 41. Qd8+ Kf7 42. Qd7+ Kg6 43. Qxh7+ Kxh7 44. b4 c6 45. Rxa5 Rg7 46.
Rh5+ 1-0

[Event "Mittelfr. EM 2018 - Hauptturnier"]
[Site "Nürnberg"]
[Date "2018.03.30"]
[Round "7.2"]
[White "Finster, Michael"]
[Black "Adelhütte, Dennis"]
[Result "0-1"]
[WhiteElo "2144"]
[BlackElo "1961"]
[PlyCount "80"]
[EventDate "2018.??.??"]
[WhiteTeam "SK Herzogenaurach"]
[BlackTeam "SC JÄKLECHEMIE"]

1. e4 e6 2. f4 d5 3. Nc3 c5 4. Nf3 Nc6 5. d3 Nf6 6. Bd2 Be7 7. g3 a6 8. a4 Rb8
9. Bg2 b5 10. axb5 axb5 11. e5 b4 12. Ne2 Nd7 13. O-O f6 14. exf6 Bxf6 15. Rb1
O-O 16. b3 Re8 17. h3 e5 18. fxe5 Ndxe5 19. Nf4 Bb7 20. Nh5 Nxf3+ 21. Qxf3 Bd4+
22. Kh2 Ne5 23. Qd1 Qd7 24. Nf4 Rf8 25. Ne2 Rxf1 26. Qxf1 Rf8 27. Qd1 Bf2 28.
Bf4 Ng6 29. Qd2 d4 30. Be4 Bxe4 31. dxe4 Nxf4 32. Nxf4 Be3 33. Qg2 Bxf4 34.
gxf4 Rxf4 35. Re1 Qf7 36. Re2 Rf3 37. e5 Qf4+ 38. Kg1 Rg3 39. e6 Rxg2+ 40. Kxg2
Qg5+ 0-1

[Event "Mittelfr. EM 2018 - Hauptturnier"]
[Site "Nürnberg"]
[Date "2018.03.30"]
[Round "7.3"]
[White "Seibold, Hubert"]
[Black "Meulner, Klaus"]
[Result "1-0"]
[WhiteElo "2133"]
[BlackElo "2103"]
[PlyCount "71"]
[EventDate "2018.??.??"]
[WhiteTeam "SK Zirndorf"]
[BlackTeam "SW Nürnberg Süd"]

1. Nf3 d5 2. d4 Nf6 3. Bf4 c5 4. c3 Qb6 5. Qb3 Nc6 6. Nbd2 cxd4 7. Qxb6 axb6 8.
Nxd4 e5 9. Nxc6 exf4 10. Nd4 Bd6 11. g3 O-O 12. gxf4 Bxf4 13. e3 Bd6 14. a3 Ng4
15. N2f3 f5 16. h3 Nf6 17. Bd3 Ne4 18. Nd2 Nc5 19. Bc2 Bd7 20. O-O-O Rae8 21.
c4 Ne4 22. Nxe4 fxe4 23. cxd5 Rxf2 24. Rd2 Rf6 25. Ne6 Rc8 26. Kb1 Rf3 27. Re2
Bb5 28. Rg2 Be5 29. Bxe4 Rxe3 30. Bf5 Bd3+ 31. Bxd3 Rxd3 32. Re1 Bf6 33. Nxg7
Bxg7 34. Re7 Rxd5 35. Rgxg7+ Kf8 36. Rxh7 1-0

[Event "Mittelfr. EM 2018 - Hauptturnier"]
[Site "Nürnberg"]
[Date "2018.03.30"]
[Round "7.4"]
[White "Bildt, Maximilian"]
[Black "Böhme, Sebastian"]
[Result "1-0"]
[WhiteElo "2045"]
[BlackElo "2036"]
[PlyCount "69"]
[EventDate "2018.??.??"]
[WhiteTeam "SK Zirndorf"]
[BlackTeam "SC Uttenreuth"]

1. e4 e6 2. d4 d5 3. Nc3 Nf6 4. e5 Nfd7 5. f4 c5 6. Nf3 Be7 7. Be3 b6 8. Qd2
O-O 9. h4 Nc6 10. h5 cxd4 11. Nxd4 Nxd4 12. Bxd4 Bh4+ 13. Bf2 Bxf2+ 14. Qxf2 f6
15. exf6 Qxf6 16. g3 Bb7 17. Bg2 Nc5 18. O-O-O Rac8 19. Qd4 Nd7 20. Bh3 Rc4 21.
Qxf6 Rxf6 22. Rhe1 Nc5 23. Bf1 Rxc3 24. bxc3 Ne4 25. Re3 Rf8 26. Bg2 Rc8 27.
Bxe4 dxe4 28. Rd7 Rb8 29. c4 Kf8 30. h6 gxh6 31. Rxh7 Kg8 32. Rxh6 Kf7 33. g4
a5 34. Rh7+ Kg6 35. Reh3 1-0

[Event "Mittelfr. EM 2018 - Hauptturnier"]
[Site "Nürnberg"]
[Date "2018.03.30"]
[Round "7.5"]
[White "Brenner, Christian"]
[Black "Erlbeck, Peter"]
[Result "1-0"]
[WhiteElo "1990"]
[BlackElo "2095"]
[PlyCount "57"]
[EventDate "2018.??.??"]
[WhiteTeam "Zabo-Eintracht Nürnberg"]
[BlackTeam "SW Nürnberg Süd"]

1. e4 c5 2. Nf3 Nc6 3. Bb5 g6 4. O-O Bg7 5. Re1 Nf6 6. Nc3 O-O 7. e5 Ng4 8.
Bxc6 bxc6 9. h3 Nh6 10. d4 cxd4 11. Nxd4 c5 12. Nf3 Bb7 13. Nd5 Nf5 14. Bf4 Rc8
15. c3 h5 16. Qd2 Kh7 17. Rad1 Bc6 18. Ng5+ Kg8 19. g4 hxg4 20. hxg4 Nh6 21. f3
c4 22. Qh2 Bxd5 23. Rxd5 Qb6+ 24. Be3 Qb7 25. Red1 Rfd8 26. Ne4 e6 27. Nf6+ Kf8
28. Bxh6 exd5 29. Bxg7+ 1-0

[Event "Mittelfr. EM 2018 - Hauptturnier"]
[Site "Nürnberg"]
[Date "2018.03.30"]
[Round "7.6"]
[White "Hirn, Erwin"]
[Black "Homuth, Wolfgang"]
[Result "0-1"]
[WhiteElo "2101"]
[BlackElo "2198"]
[PlyCount "104"]
[EventDate "2018.??.??"]
[WhiteTeam "SK Neumarkt"]
[BlackTeam "SC Noris-Tarrasch Nürnberg"]

1. d4 f5 2. e4 fxe4 3. Nc3 Nf6 4. Bg5 Nc6 5. d5 Ne5 6. Qd4 Nf7 7. h4 e5 8. dxe6
dxe6 9. Qxd8+ Nxd8 10. O-O-O Bd7 11. Nb5 Bxb5 12. Bxb5+ c6 13. Bc4 Bc5 14. Nh3
Nd5 15. Rhe1 O-O 16. Rxe4 Bxf2 17. Bb3 Bb6 18. Rde1 Kh8 19. Bxd8 Raxd8 20. Rxe6
Ne3 21. g3 Ng2 22. Rh1 h6 23. c3 Rf3 24. g4 Nxh4 25. g5 Be3+ 26. Kb1 hxg5 27.
Re5 Rd6 28. Nxg5 Bxg5 29. Rxg5 Rh6 30. Rg4 Nf5 31. Rd1 Nd6 32. Rgd4 Rff6 33.
Bc2 Kg8 34. Rg1 Kf8 35. Rdg4 Rf7 36. Bb3 Re7 37. Rf4+ Ke8 38. Rgf1 Kd7 39. Bd1
Rg6 40. c4 c5 41. a3 Rg3 42. Bf3 g5 43. Rf8 Nxc4 44. Rd1+ Kc7 45. Ka2 Ne5 46.
Bh1 Nd3 47. Rd2 Nc1+ 48. Kb1 Rg1 49. Rh2 Re2 50. Rh7+ Kd6 51. Rd8+ Ke5 52. Re7+
Kf6 0-1

[Event "Mittelfr. EM 2018 - Hauptturnier"]
[Site "Nürnberg"]
[Date "2018.03.30"]
[Round "7.7"]
[White "Kocak, Ediz"]
[Black "Link, Andreas"]
[Result "0-1"]
[WhiteElo "1807"]
[BlackElo "2028"]
[PlyCount "62"]
[EventDate "2018.??.??"]
[WhiteTeam "SGem Fürth"]
[BlackTeam "Zabo-Eintracht Nürnberg"]

1. d4 Nf6 2. Bf4 c5 3. e3 cxd4 4. exd4 d5 5. c3 g6 6. Bd3 Bg7 7. Nf3 O-O 8. O-O
Nc6 9. Nbd2 Nh5 10. Bg5 h6 11. Bh4 f5 12. Re1 Nf4 13. Bb5 g5 14. Bg3 Ne6 15.
Bxc6 bxc6 16. Be5 Bf6 17. h3 Qe8 18. Nf1 h5 19. h4 g4 20. Bxf6 exf6 21. N3d2 f4
22. Qc2 Rb8 23. Nb3 Qf7 24. Nc5 Nxc5 25. dxc5 Ba6 26. Nd2 Rfe8 27. Nb3 Rxe1+
28. Rxe1 Re8 29. Rxe8+ Qxe8 30. Qf5 g3 31. Qb1 gxf2+ 0-1

[Event "Mittelfr. EM 2018 - Hauptturnier"]
[Site "Nürnberg"]
[Date "2018.03.30"]
[Round "7.8"]
[White "Smyk, Jozef"]
[Black "Leis, Stefan"]
[Result "1/2-1/2"]
[WhiteElo "1952"]
[BlackElo "1966"]
[PlyCount "138"]
[EventDate "2018.??.??"]
[WhiteTeam "SK Neumarkt"]
[BlackTeam "SC Mühlhof-Reichelsdorf"]

1. d4 d5 2. Bf4 Nf6 3. e3 c5 4. c3 Nc6 5. Nd2 e6 6. Ngf3 Nh5 7. Bg3 Be7 8. Bd3
Qb6 9. Qc2 g6 10. Bh4 Bxh4 11. Nxh4 e5 12. dxe5 Nxe5 13. Be2 Nf6 14. O-O O-O
15. Qb3 Qc7 16. Nhf3 Be6 17. Nxe5 Qxe5 18. Nf3 Qd6 19. Qc2 Bf5 20. Bd3 Bg4 21.
Be2 Rae8 22. Rad1 Bxf3 23. Bxf3 Qe5 24. Qb3 c4 25. Qc2 Ne4 26. Bxe4 dxe4 27.
Rd4 b5 28. Rfd1 Re6 29. Rd5 Qb8 30. R1d4 Qb7 31. Rd7 Qa6 32. a3 Rfe8 33. Qd1
Qb6 34. R4d5 h5 35. h3 a6 36. Kf1 Qb8 37. Kg1 Qb6 38. Qd2 Rb8 39. Kh2 Rbe8 40.
Kg1 a5 41. Qd4 b4 42. Qxc4 bxa3 43. bxa3 Qb1+ 44. Rd1 Qb6 45. a4 Qc6 46. R1d4
Rc8 47. Rd8+ Rxd8 48. Rxd8+ Kg7 49. Qd4+ Rf6 50. Rd5 Kh7 51. c4 Rf5 52. Rxf5
gxf5 53. c5 Kg6 54. Qc3 Qxa4 55. c6 Qd1+ 56. Kh2 Qd6+ 57. g3 Qc7 58. h4 f6 59.
Qc4 Kg7 60. Qb5 Kg6 61. Qb7 Qd6 62. Qd7 Qd3 63. Qc7 Qc2 64. Kg2 a4 65. Qd7 a3
66. c7 a2 67. c8=Q Qxc8 68. Qxc8 a1=Q 69. Qe8+ Kh6 1/2-1/2

[Event "Mittelfr. EM 2018 - Hauptturnier"]
[Site "Nürnberg"]
[Date "2018.03.30"]
[Round "7.9"]
[White "Hetzner, Hannes"]
[Black "Walter, Thomas"]
[Result "1/2-1/2"]
[WhiteElo "1753"]
[BlackElo "2091"]
[PlyCount "36"]
[EventDate "2018.??.??"]
[WhiteTeam "SC Erlangen"]
[BlackTeam "SC Erlangen"]

1. e4 c6 2. c4 d6 3. d4 e5 4. Nc3 Nf6 5. Nf3 Nbd7 6. Be2 Be7 7. O-O O-O 8. Bg5
h6 9. Bh4 Qb6 10. a3 Re8 11. h3 exd4 12. Qxd4 Qxd4 13. Nxd4 Nc5 14. Nf5 Bxf5
15. exf5 Nfe4 16. Nxe4 Bxh4 17. Nxc5 Rxe2 18. Nd3 Bf6 1/2-1/2

[Event "Mittelfr. EM 2018 - Hauptturnier"]
[Site "Nürnberg"]
[Date "2018.03.30"]
[Round "7.10"]
[White "Balhar, Michael"]
[Black "Braun, Kristin"]
[Result "1/2-1/2"]
[WhiteElo "1791"]
[BlackElo "1844"]
[PlyCount "98"]
[EventDate "2018.??.??"]
[WhiteTeam "SC Erlangen"]
[BlackTeam "SC Forchheim"]

1. e4 c5 2. Nf3 d6 3. Bb5+ Bd7 4. Bxd7+ Qxd7 5. O-O Nf6 6. Re1 Nc6 7. c3 e6 8.
d4 cxd4 9. cxd4 d5 10. exd5 Nxd5 11. Nc3 Be7 12. Qb3 Nb6 13. Ne5 Qxd4 14. Nxc6
bxc6 15. Be3 Qd8 16. Rac1 O-O 17. Ne4 Qc7 18. Bc5 Bxc5 19. Rxc5 Nd7 20. Rg5 h6
21. Rg3 Qb6 22. Qc3 f6 23. Rd1 Rad8 24. h3 Kh8 25. Rd6 Ne5 26. Rxe6 Qd4 27.
Qxd4 Rxd4 28. Re7 Rf7 29. Re8+ Kh7 30. Nc5 Rd1+ 31. Kh2 Rd2 32. Ne6 Ng6 33. Nd8
Re7 34. Rxe7 Nxe7 35. Re3 Nd5 36. Ra3 Nb4 37. Ne6 Re2 38. Nd4 Rxb2 39. Rxa7
Nxa2 40. Ne6 Rxf2 41. Rxg7+ Kh8 42. Rc7 Nb4 43. Nd8 Rc2 44. Kg3 c5 45. Nf7+ Kg7
46. Ne5+ Kg8 47. Nd7 Nd5 48. Rxc5 Rxc5 49. Nxc5 Kf7 1/2-1/2

[Event "Mittelfr. EM 2018 - Hauptturnier"]
[Site "Nürnberg"]
[Date "2018.03.30"]
[Round "8.1"]
[White "Walter, Florian"]
[Black "Seibold, Hubert"]
[Result "1-0"]
[WhiteElo "2203"]
[BlackElo "2133"]
[PlyCount "125"]
[EventDate "2018.??.??"]
[WhiteTeam "SC Noris-Tarrasch Nürnberg"]
[BlackTeam "SK Zirndorf"]

1. c4 c5 2. g3 Nc6 3. Bg2 Nf6 4. Nc3 g6 5. a3 Bg7 6. Rb1 a5 7. d3 O-O 8. Nf3 e5
9. Nd2 d6 10. Nf1 h6 11. Ne3 Ng4 12. O-O Nxe3 13. Bxe3 f5 14. Nd5 Kh7 15. b4
axb4 16. axb4 Nxb4 17. Nxb4 cxb4 18. Rxb4 Rf7 19. Qb3 Qa5 20. Bd5 Re7 21. Rb1
f4 22. Bb6 Qa2 23. Qxa2 Rxa2 24. c5 Rxe2 25. cxd6 Re8 26. Bxb7 Bg4 27. Bc6 Rb8
28. d7 Bf6 29. R4b2 Rxb2 30. Rxb2 Bd8 31. Bd4 Rxb2 32. Bxb2 fxg3 33. hxg3 Bf5
34. Be4 Bxd7 35. Bxe5 Be8 36. Kg2 Kg8 37. Kf3 Kf8 38. Bf4 h5 39. Bd6+ Kf7 40.
Bd5+ Kf6 41. Ke4 g5 42. Be5+ Kg6 43. f4 Bd7 44. Ke3 h4 45. Be4+ Kf7 46. f5 hxg3
47. Kf3 Bf6 48. d4 Ba4 49. Kxg3 Bd1 50. Kf2 Bb3 51. Ke3 Bc4 52. Kd2 Bb5 53.
Bd5+ Ke7 54. Kc3 Ba6 55. Bf3 Kf7 56. Bh5+ Ke7 57. Kb4 Bd3 58. Bg4 Kf7 59. Kc5
Ba6 60. Bxf6 Kxf6 61. d5 Bc8 62. Kc6 Kf7 63. Kc7 1-0

[Event "Mittelfr. EM 2018 - Hauptturnier"]
[Site "Nürnberg"]
[Date "2018.03.30"]
[Round "8.2"]
[White "Böhme, Markus"]
[Black "Adelhütte, Dennis"]
[Result "1/2-1/2"]
[WhiteElo "2045"]
[BlackElo "1961"]
[PlyCount "79"]
[EventDate "2018.??.??"]
[WhiteTeam "SC Uttenreuth"]
[BlackTeam "SC JÄKLECHEMIE"]

1. e4 e6 2. d4 d5 3. Nc3 Nf6 4. e5 Nfd7 5. f4 c5 6. Nf3 Nc6 7. Be3 a6 8. Qd2 b5
9. dxc5 Bxc5 10. Bd3 Qb6 11. Bf2 f6 12. exf6 Nxf6 13. a3 O-O 14. b4 Bxf2+ 15.
Qxf2 Qc7 16. Ne2 e5 17. fxe5 Ne4 18. Qe3 Nxe5 19. Qd4 Nxf3+ 20. gxf3 Nf6 21.
O-O Be6 22. Nf4 Bf7 23. Rae1 Qa7 24. Qxa7 Rxa7 25. Ne6 Bxe6 26. Rxe6 Rc8 27.
Rfe1 Kf7 28. R6e5 Rc3 29. Ra1 a5 30. bxa5 Rxa5 31. Rb1 Rcxa3 32. Rxb5 Rxb5 33.
Bxb5 Rxf3 34. Bd3 Rf4 35. Kg2 Rb4 36. h3 g6 37. Kf3 Rh4 38. Kg3 Rb4 39. Kf3 Rh4
40. Kg3 1/2-1/2